Music Quiz

Random Music or Country Music Quiz

CMA Male Vocalist's of the Year Quiz Stats

 Plays Quiz not verified by Sporcle

Score 0/48 Timer 06:00
0 Plays Today
Year Artist % Correct
1985George Strait
86.2%
1986George Strait
86.2%
1996George Strait
86.2%
1997George Strait
86.2%
1998George Strait
86.2%
1969Johnny Cash
85.6%
2010Blake Shelton
85.1%
2011Blake Shelton
85.1%
2012Blake Shelton
85.1%
2013Blake Shelton
85.1%
2014Blake Shelton
85.1%
2002Alan Jackson
83.9%
2003Alan Jackson
83.9%
1989Ricky Van Shelton
83.3%
1970Merle Haggard
82.8%
1999Tim McGraw
82.8%
2000Tim McGraw
82.8%
2004Keith Urban
82.2%
2005Keith Urban
82.2%
2006Keith Urban
82.2%
1991Vince Gill
80.5%
1992Vince Gill
80.5%
1993Vince Gill
80.5%
1994Vince Gill
80.5%
Year Artist % Correct
1995Vince Gill
80.5%
2007Brad Paisley
79.9%
2008Brad Paisley
79.9%
2009Brad Paisley
79.9%
1980George Jones
79.3%
1981George Jones
79.3%
2001Toby Keith
74.7%
1987Randy Travis
73.6%
1988Randy Travis
73.6%
1971Charley Pride
70.7%
1972Charley Pride
70.7%
1975Waylon Jennings
68.4%
1978Don Williams
68.4%
1979Kenny Rogers
67.2%
1974Ronnie Milsap
64.9%
1976Ronnie Milsap
64.9%
1977Ronnie Milsap
64.9%
1990Clint Black
64.4%
1968Glen Campbell
58.6%
1973Charlie Rich
58.6%
1982Ricky Skaggs
55.2%
1967Jack Greene
47.7%
1983Lee Greenwood
42.5%
1984Lee Greenwood
42.5%

You're not logged in!

Compare scores with friends on all Sporcle quizzes.
OR
Log In

Sporcle TV

Today on Sporcle TV


Watch our educational content, quiz creation guides, and fun videos on Sporcle TV.

Show Comments

Extras

Top Quizzes Today


Score Distribution

Your Account Isn't Verified!

In order to create a playlist on Sporcle, you need to verify the email address you used during registration. Go to your Sporcle Settings to finish the process.

Report this User

Report this user for behavior that violates our Community Guidelines.

Details: